Top 10 Scientists With Dyslexia - Statistics

General Stats
  • This quiz has been taken 15 times
    12 since last reset
  • The average score is 3 of 10
Answer Stats
Initials Answer % Correct
AE Albert Einstein
91%
PC Pierre Curie
73%
MF Michael Faraday
27%
TE Thomas Edison
27%
GG Galileo Galilei
18%
JM James Maxwell
18%
AB Alexander Bell
0%
CG Carolyn Greider
0%
JD Jacques Dubochet
0%
GH John Horner
0%
No matching quizzes found
Score Distribution
Percent of People with Each Score
Percentile by Number Answered
Your Score History
You have not taken this quiz since the last reset